[Event "Arco op 34th"]
[Site "Arco"]
[Date "2012.10.21"]
[Round "9"]
[White "Leone, Cataldo"]
[Black "Oltramari, Silvano"]
[Result "1-0"]
[WhiteElo "1590"]
[BlackElo "1742"]
[PlyCount "53"]
[EventDate "2012.10.13"]
[EventType "swiss"]
[EventRounds "9"]
[EventCountry "ITA"]
[SourceTitle "EXT 2013"]
[Source "ChessBase"]
[SourceDate "2012.11.22"]
[SourceVersion "1"]
[SourceVersionDate "2012.11.22"]
[SourceQuality "1"]

1. e4 e5 2. Nf3 d6 3. Nc3 Nf6 4. d4 exd4 5. Nxd4 Be7 6. Bc4 0-0 7. 0-0 c5 8. Nf3 a6 9. a4 Nc6 10. h3 Bd7 11. Bf4 Na5 12. Be2 Be6 13. b3 Qd7 14. Nd5 Bxd5 15. exd5 Qf5 16. Bd2 Bd8 17. c4 Qd7 18. Qc2 Re8 19. Bd3 b5 20. Ng5 bxc4 21. bxc4 h6 22. Nxf7 Qxf7 23. Bg6 Qf8 24. Bxe8 Nxe8 25. Rfe1 Ra7 26. Qg6 Qf7 27. Rxe8+ 1-0

[Event "Arco op 34th"]
[Site "Arco"]
[Date "2012.10.20"]
[Round "8"]
[White "Oltramari, Silvano"]
[Black "Espinosa Cancino, Cristina"]
[Result "1-0"]
[WhiteElo "1742"]
[BlackElo "1479"]
[PlyCount "143"]
[EventDate "2012.10.13"]
[EventType "swiss"]
[EventRounds "9"]
[EventCountry "ITA"]
[SourceTitle "EXT 2013"]
[Source "ChessBase"]
[SourceDate "2012.11.22"]
[SourceVersion "1"]
[SourceVersionDate "2012.11.22"]
[SourceQuality "1"]

1. b4 d5 2. Bb2 Bf5 3. Nf3 Nd7 4. e3 Ngf6 5. c4 e6 6. c5 c6 7. d4 b6 8. Be2 bxc5 9. dxc5 Rb8 10. a3 Be7 11. Nbd2 Qc7 12. Nb3 e5 13. Bc3 Ne4 14. Rc1 Nxc3 15. Rxc3 Bf6 16. Na5 Rd8 17. h3 0-0 18. 0-0 Nb8 19. Rc1 d4 20. exd4 exd4 21. Bd3 Bxd3 22. Qxd3 Rfe8 23. Nc4 Re6 24. Rce1 Rxe1 25. Rxe1 Nd7 26. Nd6 Nf8 27. Nxd4 Rd7 28. N4f5 Ne6 29. g3 g6 30. Nh6+ Kf8 31. Qf3 Bg7 32. Ng4 Re7 33. Qb3 Nd4 34. Rxe7 Qxe7 35. Qe3 Qxe3 36. Nxe3 f5 37. Nc8 a6 38. Nd6 Ke7 39. f4 Ne2+ 40. Kg2 Bb2 41. Ndc4 Bf6 42. h4 Nd4 43. Kf2 Ke6 44. Na5 Bd8 45. Nac4 Bc7 46. Ke1 Nb3 47. Nd2 Nxd2 48. Kxd2 a5 49. Kc3 Bd8 50. Kc4 h6 51. b5 cxb5+ 52. Kxb5 Kd7 53. Nc4 Kc7 54. Nxa5 Kd7 55. Nc4 Kc7 56. Ne5 g5 57. h5 gxf4 58. gxf4 Bf6 59. a4 Kb7 60. Nc4 Kc7 61. Nd6 Bg7 62. Nxf5 Bf8 63. a5 Kb7 64. Nd6+ Kc7 65. a6 Kb8 66. f5 Be7 67. Nf7 Bf8 68. Kb6 Ka8 69. c6 Kb8 70. a7+ Ka8 71. c7 Bc5+ 72. Ka6 1-0

[Event "Arco op"]
[Site "Arco"]
[Date "2011.12.28"]
[Round "5"]
[White "Oltramari, Silvano"]
[Black "Bacchelli, Andrea"]
[Result "1/2-1/2"]
[WhiteElo "1583"]
[BlackElo "1789"]
[PlyCount "102"]
[EventDate "2011.12.26"]
[EventType "swiss"]
[EventRounds "7"]
[EventCountry "ITA"]
[SourceTitle "EXT 2023"]
[Source "ChessBase"]
[SourceDate "2022.10.05"]
[SourceVersion "1"]
[SourceVersionDate "2022.10.05"]
[SourceQuality "1"]

1. b4 d5 2. Bb2 e6 3. e3 Nf6 4. a3 Nbd7 5. Nf3 Bd6 6. c4 c6 7. cxd5 exd5 8. Nc3 0-0 9. Be2 Re8 10. 0-0 Ne5 11. Nxe5 Bxe5 12. f4 Bd6 13. Bf3 Bf5 14. g4 Bd3 15. Rf2 Ne4 16. Nxe4 dxe4 17. Be2 Bxe2 18. Qxe2 Bc7 19. g5 Qe7 20. h4 Rad8 21. Raf1 Rd5 22. Qg4 Bb6 23. Kh1 Qd7 24. Qxd7 Rxd7 25. Kg2 Red8 26. Bc3 Bc7 27. Kh3 b6 28. Kg4 Rd5 29. h5 Bd6 30. f5 Be5 31. Bxe5 Rxe5 32. Kf4 Red5 33. Rd1 Re8 34. Rg1 Rd3 35. Rd1 Kf8 36. Rc1 c5 37. bxc5 bxc5 38. Rxc5 Rxa3 39. Rf1 Ra2 40. Rc7 a5 41. Rb1 Rxd2 42. Rbb7 Rf2+ 43. Kg3 Rxf5 44. Kg4 Rf3 45. Ra7 a4 46. Rc3 f6 47. gxf6 Rxf6 48. Rcc7 Rfe6 49. Rf7+ Kg8 50. Rxg7+ Kh8 51. Rxh7+ Kg8 1/2-1/2